Politics / (Record no. 17702)
[ view plain ]
| 000 -LEADER | |
|---|---|
| fixed length control field | 00914nam a22002658a 4500 |
| 001 - CONTROL NUMBER | |
| control field | 014793720 |
| 005 - DATE AND TIME OF LATEST TRANSACTION | |
| control field | 20201128020958.0 |
| 008 - FIXED-LENGTH DATA ELEMENTS--GENERAL INFORMATION | |
| fixed length control field | 081029r20091995enkb 000 0 eng d |
| 020 ## - INTERNATIONAL STANDARD BOOK NUMBER | |
| International Standard Book Number | 9780199538737 (pbk.) : |
| 020 ## - INTERNATIONAL STANDARD BOOK NUMBER | |
| International Standard Book Number | 0199538735 (pbk.) : |
| 041 1# - LANGUAGE CODE | |
| Language code of text/sound track or separate title | eng |
| Language code of original and/or intermediate translations of text | grc |
| 082 04 - DEWEY DECIMAL CLASSIFICATION NUMBER | |
| Classification number | 320.01 |
| Edition number | 22 |
| Item number | ARI |
| 100 0# - MAIN ENTRY--PERSONAL NAME | |
| 9 (RLIN) | 1117 |
| Personal name | Aristotle |
| 245 14 - TITLE STATEMENT | |
| Title | Politics / |
| Statement of responsibility, etc | Aristotle ; translated by Ernest Barker. |
| 250 ## - EDITION STATEMENT | |
| Edition statement | New ed. / |
| Remainder of edition statement | introduction and notes by R.F. Stalley. |
| 260 ## - PUBLICATION, DISTRIBUTION, ETC. (IMPRINT) | |
| Place of publication, distribution, etc | Oxford : |
| Name of publisher, distributor, etc | Oxford University Press, |
| Date of publication, distribution, etc | 2009. |
| 300 ## - PHYSICAL DESCRIPTION | |
| Extent | xlvii, 423 p. : |
| Other physical details | map ; |
| Dimensions | 20 cm. |
| 490 0# - Series Statement | |
| Series statement | Oxford world's classics |
| 500 ## - GENERAL NOTE | |
| General note | This ed. originally published: 1995. |
| 546 ## - LANGUAGE NOTE | |
| Language note | Translated from the Ancient Greek. |
| 650 #0 - SUBJECT ADDED ENTRY--TOPICAL TERM | |
| Topical term or geographic name as entry element | Political science |
| General subdivision | Philosophy |
| Form subdivision | Early works to 1800. |
| 9 (RLIN) | 34282 |
| 700 1# - ADDED ENTRY--PERSONAL NAME | |
| Personal name | Barker, Ernest, |
| Titles and other words associated with a name | Sir, |
| Dates associated with a name | 1874-1960. |
| 9 (RLIN) | 33506 |
| 700 1# - ADDED ENTRY--PERSONAL NAME | |
| Personal name | Stalley, R. F. |
| 9 (RLIN) | 33507 |
| 942 ## - ADDED ENTRY ELEMENTS (KOHA) | |
| Source of classification or shelving scheme | Dewey Decimal Classification |
| Item type | Book - Borrowing |
| Call number prefix | 320.01 ARI |
| Withdrawn status | Item status | Source of classification or shelving scheme | Damaged status | Not for loan | Vendor | Home library | Current library | Shelving location | Date acquired | Source of acquisition | Total Checkouts | Total Renewals | Full call number | Barcode | Date last seen | Date last borrowed | Koha item type |
|---|---|---|---|---|---|---|---|---|---|---|---|---|---|---|---|---|---|
| Dewey Decimal Classification | Baccah | Central Library | Central Library | First floor | 29/10/2013 | 7 | 74 | 320.01 ARI | 000029434 | 15/07/2025 | 15/11/2021 | Book - Borrowing | |||||
| Dewey Decimal Classification | Baccah | Central Library | Central Library | First floor | 29/10/2013 | 7 | 46 | 320.01 ARI | 000029435 | 15/07/2025 | 24/10/2023 | Book - Borrowing |